Què podria ésser una Biblioteca de referència a les Populars de Catalunya / per Maria Cugueró
Descripción Física:
27 p. ; 21 cm
MARC
| LEADER | 00000nam a2200000Ia 4500 | ||
|---|---|---|---|
| 001 | 8748 | ||
| 008 | 160829s1938 xx 000 0 cat d | ||
| 080 | |a RF-6-43 | ||
| 100 | |a Cugueró i Conchello, Maria |9 28301 | ||
| 245 | |a Què podria ésser una Biblioteca de referència a les Populars de Catalunya / per Maria Cugueró | ||
| 260 | |a Barcelona : |b Escola de Bibliotecàries de la Generalitat de Catalunya, |c 1938 | ||
| 300 | |a 27 p. ; |c 21 cm | ||
| 490 | |a Quaderns de treball / Escola de Bibliotecàries ; 6 | ||
| 650 | |a Biblioteques públiques |x Catalunya |x Serveis de referència |9 28302 | ||
| 710 | 2 | |a Escola de Bibliotecàries |9 54304 | |
| 856 | 4 | |u https://media.diba.cat/diba/fitxers/arxiu/fulletons/bib_8748_1938_baixa.pdf |y Accés lliure | |
| 856 | 4 | |u https://media.diba.cat/diba/fitxers/arxiu/fulletons/bib_8748_1938_baixa.pdf |y Accés lliure | |
| 901 | |a Arxiu | ||
| 942 | |n 1 |2 udc | ||
| 952 | |0 0 |1 0 |4 0 |6 RF643 |7 1 |9 44769 |a Arxiu |b Arxiu |d 2016-12-01 |l 0 |o RF-6-43 |p 8748 |r 2016-12-01 00:00:00 |w 2016-12-01 |y ARXIU | ||
| 999 | |c 47351 |d 47351 | ||
| 900 | |a bib_8748_1938_baixa.pdf | ||